| 000 | 004700000a22001690004500 | ||
|---|---|---|---|
| 001 | 56847 | ||
| 090 |
_956861 _a56847 |
||
| 099 | _tARTI | ||
| 100 | _a20130715 frey50 | ||
| 101 | _afre | ||
| 200 |
_aNigeria _bARTI _ede l'énergie à revendre _fFrançois PARGNY |
||
| 215 | _app.14-26 | ||
| 300 | _aENQUETE | ||
| 327 | _aS | ||
| 463 |
_d2003 _tLE MOCI _vN°1591 |
||
| 610 |
_aECONOMIE _aPOLITIQUE _aENERGIE _aPOLITIQUE ECONOMIQUE _aNIGERIA |
||
| 700 | 1 |
_aPARGNY _bFrançois |
|